00522nam a2200181Ia 4500003000500000008004100005020001800046040001900064082000700083100002100090245001900111260003400130300000800164546001200172942001200184999001700196952012700213STCL181203s9999 xx 000 0 und d a9780571230556 aSTCLbENcSTCL 222 aMistry, Rohinton 0aFamily Matters bFaber and FaberaLondonc2006 a500 aEnglish 2ddccBK c87017d87017 00102ddc4070aSTCALbSTCALcGENd2018-12-03l2m1o813.54 MIS-Fp95646r2025-12-18 11:56:08s2025-12-01w2018-12-03yBK